LEADER 01065nam0-2200277 --450 001 9910629792403321 005 20221206114400.0 100 $a20221206d19..----kmuy0itay5050 ba 101 1 $aita$afre 102 $aIT 105 $a 001yy 200 1 $aImmagini di martirio$equarantasette incisioni di Antonio Tempesta, precedute da un Discorso del Marchese De Sade 210 $a[S.l.]$cSole Nero$d[19..?] 215 $a1 v. $cin gran parte ill.$d21 cm 300 $aRaccoglie le 47 tavole disegnate e incise da Antonio Tempesta per il libro di Antonio Gallonio: Trattato de gli instrumenti di martirio... 311 $aTratto da Histoire de Juliette ou les prosperite du vice 423 1$12001$aContro il cristianesimo$fD.A.F. de Sade 610 0 $aImmagini$aFede 700 1$aTempesta,$bAntonio$f<1555-1630>$0294662 801 0$aIT$bUNINA$gREICAT$2UNIMARC 901 $aBK 912 $a9910629792403321 952 $aFONDO ROSSI 1697$bROSSI 1739$fFARBC 959 $aFARBC 996 $aImmagini di martirio$92965387 997 $aUNINA LEADER 01908nam0 2200445 i 450 001 CFI0139521 005 20251003044125.0 010 $a8842030279 020 $aIT$b90-12272 100 $a19910108d1988 ||||0itac50 ba 101 | $aita 102 $ait 181 1$6z01$ai $bxxxe 182 1$6z01$an 200 1 $aDove va l'economia italiana?$fa cura di Jader Jacobelli 210 $aRoma [ecc.]$cLaterza$d1988 215 $aVI, 200 p.$d18 cm 225 | $aSaggi tascabili Laterza$v127 300 $aIndicazione di A. sul dorso: AA. VV. 410 0$1001CFI0000433$12001 $aSaggi tascabili Laterza$v127 606 $aItalia$xEconomia$xPrevisioni$2FIR$3CFIC003059$9I 676 $a330$9SCIENZE ECONOMICHE$v19 676 $a330.945$9SITUAZIONI E CONDIZIONI ECONOMICHE. ITALIA$v12 676 $a330.945$9Situazione e condizioni economiche. Italia$v22 676 $a330.9450928$9$v21 676 $a330.9450928$9SITUAZIONI E CONDIZIONI ECONOMICHE. Italia. 1980-1989.$v23 696 $aPrevisione$aEconomia reale$aAttivitą economiche$aAspetti economici 699 $aPrevisioni$zPrevisione 699 $aEconomia$yEconomia reale 699 $aEconomia$zAttivitą economiche 699 $aEconomia$zAspetti economici 702 1$aJacobelli$b, Jader$3CFIV022029 801 3$aIT$bIT-000000$c19910108 850 $aIT-BN0095 901 $bNAP 01$cPOZZO LIB.$nVi sono collocati fondi di economia, periodici di ingegneria e scienze, periodici di economia e statistica e altri fondi comprendenti documenti di economia pervenuti in dono. 912 $aCFI0139521 950 0$aBiblioteca Centralizzata di Ateneo$c1 v.$d 01POZZO LIB.F. PARRAVICINI 260$e 0101 0600160675E VMA 1 v. (Precedente collocazione P 212)$fB $h20220912$i20220912 977 $a 01 996 $aDove va l'economia italiana$9498662 997 $aUNISANNIO